| 000 | 01458mam a22003254a 4500 | ||
|---|---|---|---|
| 999 |
_c31757 _d31757 |
||
| 001 | 3036254 | ||
| 003 | OSt | ||
| 005 | 20170109124527.0 | ||
| 008 | 990715s2000 maua 001 0 eng | ||
| 010 | _a 99039661 | ||
| 015 | _aGBA0-54863 | ||
| 020 | _a0070285942 | ||
| 020 | _a0071161716 | ||
| 035 | _a(OCoLC)ocm41932585 | ||
| 040 |
_aDLC _cDLC _dUKM _dOrLoB-B |
||
| 042 | _apcc | ||
| 050 | 0 | 0 |
_aTA405 _b.C859 2000 |
| 082 | 0 | 0 |
_a620.1/1292 _221 |
| 100 | 1 | _aCourtney, Thomas H. | |
| 245 | 1 | 0 |
_aMechanical Behavior of Materials / _cThomas H. Courtney. |
| 250 | _a2nd ed. | ||
| 260 |
_aBoston : _bMcGraw Hill, _c2000. |
||
| 300 |
_axviii, 733 p. : _bill. ; _c24 cm. |
||
| 490 | 1 | _aMcGraw-Hill series in materials science | |
| 505 | 0 | 0 |
_g1. _tOverview of Mechanical Behavior -- _g2. _tElastic Behavior -- _g3. _tDislocations -- _g4. _tPlastic Deformation in Single and Polycrystalline Materials -- _g5. _tStrengthening of Crystalline Materials -- _g6. _tComposite Materials -- _g7. _tHigh-Temperature Deformation of Crystalline Materials -- _g8. _tDeformation of Noncrystalline Materials -- _g9. _tFracture Mechanics -- _g10. _tToughening Mechanisms and the Physics of Fracture -- _g11. _tHigh-Temperature Fracture -- _g12. _tFatigue of Engineering Materials -- _g13. _tEmbrittlement -- _g14. _tCellular Solids. |
| 650 | 0 |
_aMaterials _xMechanical properties. |
|
| 830 | 0 | _aMcGraw-Hill series in materials science and engineering. | |
| 900 | _bTOC | ||
| 942 |
_2ddc _cBK |
||